| 000 | 01238cam a22003497a 4500 | ||
|---|---|---|---|
| 003 | CHAP | ||
| 005 | 20220329142726.0 | ||
| 008 | 010920d2001 mx r 00110 spa d | ||
| 010 | _a86917 | ||
| 011 | _a87889 | ||
| 035 | _a98433 | ||
| 040 | _cCHAP | ||
| 090 | _aTesis | ||
| 100 | 0 | 0 |
_aGonzález Pérez, Luis Fernando. _949292 |
| 245 | 1 | 0 |
_aManual de pruebas y evaluación para sembradoras neumáticas de labranza de conservación _c/por Luis Fernando González Pérez |
| 260 |
_aChapingo, Méx. : _bEl autor, _c2002. |
||
| 300 | _a106 h. | ||
| 502 | _aTesis (Ing. Mecánico Agrícola) -- UACH. Departamento de Mecánica Agrícola | ||
| 590 |
_aALEPH _b10 _c20130110 _lUCH01 _h1452 |
||
| 590 |
_aBATCH-UPD _b10 _c20130110 _lUCH01 _h0652 |
||
| 590 |
_aBATCH-UPD _b10 _c20130410 _lUCH01 _h0337 |
||
| 590 |
_aBATCH-UPD _b10 _c20130914 _lUCH01 _h1547 |
||
| 590 |
_aCONVERSION _b10 _c20130109 _lUCH01 _h1348 |
||
| 650 | 1 | 4 |
_aLabranza de conservación. _964308 |
| 650 | 1 | 4 |
_aMaquinaria agrícola. _971151 |
| 650 | 1 | 4 |
_aSembradoras. _9103854 |
| 901 | _aBK | ||
| 905 | _aAlejandra Carrasco M. | ||
| 942 | _cFOLL | ||
| 949 |
_aTesis _bBC _cTES _d33724000883831 _eTS2 _fc.2 _h40608 _i98433 _sb |
||
| 949 |
_aTesis _bBC _cTES _d984331 _eTS1 _h40607 _i98433 _sb |
||
| 999 |
_c86917 _d86917 |
||